000 00342nam a22001217a 4500
082 _a297
_bLUD
_cM
100 _aLudianvi, Mulana Muhammad Yousaf
_951127
245 _aداڑھی کی شرعی حیثیت
260 _aKarachi,
_bLudianvi Publisher,
_c2000.
300 _a117p.
526 _a0
_b0
_c0
_d297_000000000000000_LUD
942 _2ddc
_cBK
999 _c553881
_d553881